| 000 | 00922cam a2200217 i 4500 | ||
|---|---|---|---|
| 001 | 19554408 | ||
| 005 | 20241101135809.0 | ||
| 008 | 170316s2017 enk b 001 0 eng | ||
| 020 | _a9780198722830 (pbk.) | ||
| 050 | 0 | 0 |
_aKD829 _b.T48 2017 |
| 100 | 1 |
_aThompson, M. P. _q(Mark P.), _tModern land law _eauthor. |
|
| 245 | 1 | 0 |
_aThompson's modern land law / _cMark Thompson, LL. B (Leicester), LL. M (Keele) Emeritus Professor of Law and sometime Senior Pro-Vice-Chancellor, University of Leicester; Martin George, LL. B (Leicester), Ll. M (Nothingham) Associated Professor of Property Law, University of Leicester. |
| 250 | _aSixth edition. | ||
| 260 |
_aUnited Kingdom _bOxford University Press _c2017 |
||
| 300 |
_axlvi, 607 pages ; _c25 cm |
||
| 500 | _aIncludes index | ||
| 650 | 0 |
_aReal property _zEngland. |
|
| 650 | 0 |
_aReal property _zWales. |
|
| 700 | 1 |
_aGeorge, Martin _c(Law teacher), _eauthor. |
|
| 942 |
_2lcc _cBK _n0 |
||
| 999 |
_c518 _d518 |
||